[Event "Bundesliga 9697"]
[Site "Deutschland"]
[Date "1996.??.??"]
[Round "?.6"]
[White "Troyke, Christian"]
[Black "Heissler, Jakob"]
[Result "1/2-1/2"]
[WhiteElo "2360"]
[BlackElo "2430"]
[PlyCount "180"]
[EventDate "1996.10.??"]
[EventType "team"]
[EventRounds "15"]
[EventCountry "GER"]
[SourceTitle "Bundesliga 9697"]
[Source "DeepChess"]
[SourceDate "2005.01.01"]
[SourceVersion "1"]
[SourceVersionDate "2005.01.01"]
[SourceQuality "1"]
[WhiteTeam "SV Erfurt West 90"]
[BlackTeam "SAbt SV Werder Bremen"]
[WhiteTeamCountry "GER"]
[BlackTeamCountry "GER"]

1. g3 g6 2. Bg2 Bg7 3. c4 e5 4. Nc3 Nc6 5. d3 d6 6. e3 Nf6 7. Nge2 h5 8. Rb1 a5
9. Nd5 O-O 10. O-O Ne7 11. Nxf6+ Bxf6 12. Nc3 Bg7 13. a3 c6 14. Qb3 Be6 15. Ne4
Qc7 16. Bd2 Nf5 17. Ng5 Bc8 18. Nf3 Ne7 19. Rbc1 a4 20. Qc2 c5 21. Ng5 Bd7 22.
f4 Rab8 23. Ne4 exf4 24. Rxf4 Nf5 25. Nc3 Bc6 26. Rxf5 gxf5 27. Rf1 Rbe8 28.
Qd1 Re5 29. Rf4 Qe7 30. Qe2 Re8 31. Nd1 Bh6 32. Qxh5 Bxf4 33. gxf4 Bxg2 34.
Kxg2 Re6 35. Bc3 f6 36. Qxf5 Qh7 37. Qd5 Qf7 38. e4 R6e7 39. Qf5 Qe6 40. Ne3
Qxf5 41. Nxf5 Re6 42. Ne3 Kf7 43. f5 Rg8+ 44. Kf3 Ree8 45. Ng4 Rxg4 46. Kxg4
Rg8+ 47. Kf3 Rg1 48. Kf2 Rh1 49. Ke2 Rxh2+ 50. Kf3 Ke7 51. Kg3 Rh1 52. Kf2 Rh3
53. Ke2 Rg3 54. Kd2 Rf3 55. Ke2 Rh3 56. Kd2 Rh6 57. Ke2 Kd7 58. Kf3 Kc6 59. Kg4
Kd7 60. Kf3 Rh3+ 61. Ke2 Ke7 62. Kd2 Rh8 63. Ke3 Rb8 64. d4 b6 65. dxc5 bxc5
66. Kf4 Kf7 67. Kf3 Kg7 68. Kg4 Rh8 69. Kg3 Rh1 70. Kf3 Rh3+ 71. Kg4 Rd3 72.
Kf4 Rd1 73. Kf3 Rf1+ 74. Ke2 Rf4 75. Ke3 Rh4 76. Kf3 Kf7 77. Ke3 Rh2 78. Kf3
Kg7 79. Ke3 Rh8 80. Kf3 Rf8 81. Kg4 Rf7 82. Kf3 Kh6 83. Kg4 Rg7+ 84. Kf4 Rf7
85. Kg4 Kg7 86. Kf3 Re7 87. Kf4 Re8 88. Kf3 Kf7 89. Kf4 Ke7 90. Kf3 Kf7 1/2-1/2

[Event "Bundesliga 9697"]
[Site "Deutschland"]
[Date "1996.??.??"]
[Round "?.7"]
[White "Hedke, Fred"]
[Black "Brueggemann, Joachim"]
[Result "1/2-1/2"]
[WhiteElo "2380"]
[BlackElo "2285"]
[PlyCount "57"]
[EventDate "1996.10.??"]
[EventType "team"]
[EventRounds "15"]
[EventCountry "GER"]
[SourceTitle "Bundesliga 9697"]
[Source "DeepChess"]
[SourceDate "2005.01.01"]
[SourceVersion "1"]
[SourceVersionDate "2005.01.01"]
[SourceQuality "1"]
[WhiteTeam "SAbt SV Werder Bremen"]
[BlackTeam "SV Erfurt West 90"]
[WhiteTeamCountry "GER"]
[BlackTeamCountry "GER"]

1. e4 c5 2. d4 cxd4 3. c3 d6 4. cxd4 g6 5. Nc3 Bg7 6. Nf3 Nc6 7. d5 Nb8 8. Be2
Nf6 9. O-O O-O 10. Be3 Nbd7 11. Rc1 a6 12. Nd4 Kh8 13. h3 Qe8 14. a4 Nc5 15.
Bd3 Nxd3 16. Qxd3 Bd7 17. b3 e5 18. dxe6 fxe6 19. Nf3 Bc6 20. Qxd6 Nxe4 21.
Nxe4 Bxe4 22. Bd4 Bxf3 23. Bxg7+ Kxg7 24. Rc7+ Rf7 25. gxf3 Rxc7 26. Qxc7+ Qf7
27. Rc1 Rf8 28. Qe5+ Qf6 29. Rc7+ 1/2-1/2

[Event "Bundesliga 9697"]
[Site "Deutschland"]
[Date "1996.??.??"]
[Round "?.8"]
[White "Fuhrmann, Daniel"]
[Black "Floegel, Ulrich"]
[Result "1/2-1/2"]
[WhiteElo "2265"]
[BlackElo "2345"]
[PlyCount "102"]
[EventDate "1996.10.??"]
[EventType "team"]
[EventRounds "15"]
[EventCountry "GER"]
[SourceTitle "Bundesliga 9697"]
[Source "DeepChess"]
[SourceDate "2005.01.01"]
[SourceVersion "1"]
[SourceVersionDate "2005.01.01"]
[SourceQuality "1"]
[WhiteTeam "SV Erfurt West 90"]
[BlackTeam "SAbt SV Werder Bremen"]
[WhiteTeamCountry "GER"]
[BlackTeamCountry "GER"]

1. d4 Nf6 2. c4 g6 3. Nc3 Bg7 4. e4 O-O 5. f3 d6 6. Be3 Nc6 7. Nge2 a6 8. Qd2
Rb8 9. Nc1 e5 10. d5 Nd4 11. Nb3 Nxb3 12. axb3 c5 13. b4 cxb4 14. Na4 b5 15.
cxb5 axb5 16. Qxb4 Ne8 17. Nc3 Bh6 18. Bf2 Qg5 19. Nd1 f5 20. h4 Qd8 21. h5 Bg5
22. hxg6 hxg6 23. Ra7 Nf6 24. exf5 gxf5 25. Nc3 Rb7 26. Rxb7 Bxb7 27. Bxb5 e4
28. Bd4 Qe7 29. fxe4 fxe4 30. Be2 Bc8 31. Nb5 Bf4 32. Qc3 e3 33. Qd3 Qg7 34. g4
Bg3+ 35. Kd1 Bxg4 36. Rg1 Bxe2+ 37. Qxe2 Qg6 38. Na3 Ne4 39. Qxe3 Qh5+ 40. Kc1
Qxd5 41. Rxg3+ Nxg3 42. Qxg3+ Kf7 43. Nc2 Ke8 44. Qh3 Rf3 45. Qg2 Qe4 46. Kb1
Qd3 47. Qg8+ Kd7 48. Qg4+ Kc7 49. Qg7+ Kc6 50. Qg2 Kb5 51. Bc3 Ka6 1/2-1/2

[Event "Bundesliga 9697"]
[Site "Deutschland"]
[Date "1997.??.??"]
[Round "?.2"]
[White "Slobodjan, Roman"]
[Black "Kindermann, Stefan"]
[Result "1/2-1/2"]
[WhiteElo "2520"]
[BlackElo "2540"]
[PlyCount "202"]
[EventDate "1996.10.??"]
[EventType "team"]
[EventRounds "15"]
[EventCountry "GER"]
[SourceTitle "Bundesliga 9697"]
[Source "DeepChess"]
[SourceDate "2005.01.01"]
[SourceVersion "1"]
[SourceVersionDate "2005.01.01"]
[SourceQuality "1"]
[WhiteTeam "USC Magdeburg"]
[BlackTeam "SAbt SV Werder Bremen"]
[WhiteTeamCountry "GER"]
[BlackTeamCountry "GER"]

1. e4 e6 2. d4 d5 3. Nd2 Nf6 4. e5 Nfd7 5. Bd3 c5 6. c3 Nc6 7. Ne2 cxd4 8. cxd4
Qb6 9. Nf3 f6 10. exf6 Nxf6 11. O-O Bd6 12. b3 O-O 13. Bf4 Nxd4 14. Nfxd4 e5
15. Be3 exd4 16. Bxd4 Qc7 17. Ng3 Bg4 18. Qd2 Bf4 19. Be3 Be5 20. Rac1 Qf7 21.
Rfe1 Kh8 22. f3 Bd7 23. Bb1 Rfe8 24. Qd3 a6 25. Qd2 Rac8 26. Rxc8 Bxc8 27. Bf2
Bd7 28. Qb4 Bc8 29. Qh4 Kg8 30. Rd1 Bd7 31. Nf5 Bxf5 32. Bxf5 g6 33. Bd3 Nh5
34. Bf1 Nf4 35. Qg5 Bg7 36. g3 Ne2+ 37. Bxe2 Rxe2 38. Qxd5 Qxd5 39. Rxd5 Rxa2
40. Rd8+ Kf7 41. Rd7+ Kg8 42. Rxb7 a5 43. Rd7 a4 44. bxa4 Rxa4 45. Rd2 Rb4 46.
Kg2 Rb2 47. Rd8+ Kf7 48. Rd7+ Kg8 49. f4 Bc3 50. Kf3 Rd2 51. Re7 Bd4 52. Bxd4
Rxd4 53. Kg4 Rd5 54. Re5 Rd7 55. Kg5 Kg7 56. Rc5 h6+ 57. Kg4 Kf6 58. Rc6+ Kg7
59. Rb6 Rd2 60. h3 Rd3 61. Rb7+ Kf6 62. Rh7 h5+ 63. Kh4 Ra3 64. Rd7 Ra4 65. Rd5
Re4 66. Re5 Ra4 67. Re1 Rb4 68. Rf1 Ra4 69. Rf3 Rb4 70. g4 hxg4 71. hxg4 g5+
72. fxg5+ Kg7 73. Kh5 Rb8 74. g6 Rb1 75. Rf7+ Kg8 76. Re7 Ra1 77. Kg5 Rb1 78.
Re5 Kg7 79. Rc5 Ra1 80. Rc7+ Kg8 81. Rh7 Rb1 82. Kh6 Rh1+ 83. Kg5 Ra1 84. Rh3
Kg7 85. Rf3 Rb1 86. Rf5 Ra1 87. Re5 Rc1 88. Re7+ Kg8 89. Kh4 Rc6 90. Kh5 Rc1
91. g7 Ra1 92. Rc7 Ra6 93. Kg5 Rh6 94. Kf5 Ra6 95. g5 Rb6 96. Ra7 Rc6 97. Kg4
Rb6 98. Kh5 Rc6 99. Re7 Ra6 100. g6 Ra5+ 101. Kh6 Rh5+ 1/2-1/2

[Event "Bundesliga 9697"]
[Site "Deutschland"]
[Date "1997.??.??"]
[Round "?.3"]
[White "Knaak, Rainer"]
[Black "Rogozenko, Dorian"]
[Result "1/2-1/2"]
[WhiteElo "2540"]
[BlackElo "2530"]
[PlyCount "134"]
[EventDate "1996.10.??"]
[EventType "team"]
[EventRounds "15"]
[EventCountry "GER"]
[SourceTitle "Bundesliga 9697"]
[Source "DeepChess"]
[SourceDate "2005.01.01"]
[SourceVersion "1"]
[SourceVersionDate "2005.01.01"]
[SourceQuality "1"]
[WhiteTeam "SAbt SV Werder Bremen"]
[BlackTeam "USC Magdeburg"]
[WhiteTeamCountry "GER"]
[BlackTeamCountry "GER"]

1. d4 d5 2. c4 c6 3. Nf3 Nf6 4. Nc3 a6 5. h3 e6 6. c5 b6 7. cxb6 Nbd7 8. g3
Qxb6 9. Bg2 c5 10. O-O Bd6 11. Rb1 O-O 12. Na4 Qb5 13. b3 Rb8 14. Ba3 Ne4 15.
Qc2 Qa5 16. dxc5 Ndxc5 17. Ng5 Nxg5 18. Bxc5 Bxc5 19. Qxc5 Rb5 20. Qe3 h6 21.
Rfd1 Qb4 22. Rbc1 Qd6 23. f4 Nh7 24. Rc2 Nf6 25. Qd4 Qb8 26. Nc5 Rb4 27. Qf2 a5
28. Rdc1 Rb5 29. Qe3 Qa7 30. Kf2 Bb7 31. Nxb7 Qxb7 32. Rc7 Qb8 33. Qa7 Qd8 34.
Qa6 Rb8 35. Qxa5 Ra8 36. Qd2 Qb8 37. R7c2 Qb6+ 38. Qe3 d4 39. Qd3 Ra3 40. Rc6
Qa7 41. Rc7 Qb6 42. R1c6 Qb8 43. Rc2 Rd8 44. Bb7 Rf8 45. Bf3 Rd8 46. Kg2 h5 47.
Qc4 h4 48. Qc5 Ra6 49. Rb7 Qd6 50. Qxd6 Rdxd6 51. a4 hxg3 52. Rd2 Nd7 53. Rb4
Nc5 54. Rdxd4 Rxd4 55. Rxd4 Nxb3 56. Rd8+ Kh7 57. Ra8 Rd6 58. a5 Nd4 59. Be4+
f5 60. Bd3 Nxe2 61. Bxe2 Rd2 62. Kxg3 Rxe2 63. a6 Re3+ 64. Kg2 Re4 65. a7 Ra4
66. Kf3 Ra3+ 67. Ke2 g6 1/2-1/2

[Event "Bundesliga 9697"]
[Site "Deutschland"]
[Date "1997.??.??"]
[Round "?.5"]
[White "Meins, Gerlef"]
[Black "Proehl, Holger"]
[Result "1/2-1/2"]
[WhiteElo "2465"]
[BlackElo "2395"]
[PlyCount "91"]
[EventDate "1996.10.??"]
[EventType "team"]
[EventRounds "15"]
[EventCountry "GER"]
[SourceTitle "Bundesliga 9697"]
[Source "DeepChess"]
[SourceDate "2005.01.01"]
[SourceVersion "1"]
[SourceVersionDate "2005.01.01"]
[SourceQuality "1"]
[WhiteTeam "SAbt SV Werder Bremen"]
[BlackTeam "USC Magdeburg"]
[WhiteTeamCountry "GER"]
[BlackTeamCountry "GER"]

1. Nf3 d5 2. d4 Nf6 3. c4 e6 4. g3 c5 5. Bg2 Be7 6. O-O O-O 7. cxd5 exd5 8. Nc3
h6 9. b3 Nc6 10. Bb2 Re8 11. Rc1 Bg4 12. dxc5 Bxc5 13. h3 Be6 14. Na4 Bf8 15.
Nc5 Qb6 16. Nxe6 fxe6 17. Ne5 Rac8 18. Qd3 Nxe5 19. Bxe5 Nd7 20. Bd4 Bc5 21.
Bb2 Nf8 22. e3 Rc7 23. Rc2 Rec8 24. Rfc1 Bd6 25. Bd4 Bc5 26. Bb2 Bd6 27. Rxc7
Rxc7 28. Rxc7 Qxc7 29. e4 dxe4 30. Qxe4 b6 31. Bf1 Bc5 32. Kg2 Qf7 33. Qf3
Qxf3+ 34. Kxf3 Kf7 35. h4 Nd7 36. Bb5 Nf6 37. g4 h5 38. gxh5 Nxh5 39. Be5 Nf6
40. Bb8 a5 41. a4 Kg6 42. Bc4 Nd7 43. Bg3 Kf7 44. Ke2 Nf6 45. f3 Ne8 46. Be5
1/2-1/2

[Event "Bundesliga 9697"]
[Site "Deutschland"]
[Date "1997.??.??"]
[Round "?.6"]
[White "Stolz, Mike"]
[Black "Heissler, Jakob"]
[Result "1/2-1/2"]
[WhiteElo "2280"]
[BlackElo "2430"]
[PlyCount "91"]
[EventDate "1996.10.??"]
[EventType "team"]
[EventRounds "15"]
[EventCountry "GER"]
[SourceTitle "Bundesliga 9697"]
[Source "DeepChess"]
[SourceDate "2005.01.01"]
[SourceVersion "1"]
[SourceVersionDate "2005.01.01"]
[SourceQuality "1"]
[WhiteTeam "USC Magdeburg"]
[BlackTeam "SAbt SV Werder Bremen"]
[WhiteTeamCountry "GER"]
[BlackTeamCountry "GER"]

1. e4 c5 2. Nf3 e6 3. d4 cxd4 4. Nxd4 Nc6 5. Nb5 d6 6. c4 Nf6 7. N1c3 a6 8. Na3
Be7 9. Be2 O-O 10. O-O b6 11. Be3 Bb7 12. Qd2 Ne5 13. f3 Rc8 14. Rfd1 Re8 15.
Kh1 Qc7 16. Rac1 Ned7 17. Nc2 Qb8 18. Bf1 Bf8 19. Qf2 Ne5 20. Na3 d5 21. cxd5
exd5 22. Nxd5 Bxd5 23. Rxc8 Qxc8 24. exd5 Neg4 25. fxg4 Nxg4 26. Qc2 Nxe3 27.
Qxc8 Rxc8 28. Bxa6 Nxd1 29. Bxc8 Bxa3 30. bxa3 Kf8 31. Bf5 Ne3 32. Be4 f5 33.
Bd3 Ke7 34. g4 Nxg4 35. Bxf5 Nf6 36. Kg2 Kd6 37. Kf3 Ke5 38. Bc2 h6 39. d6 g5
40. Ke3 Kxd6 41. Kd4 g4 42. Bf5 h5 43. Bc8 h4 44. Bb7 Nd7 45. Bc8 Ne5 46. Ke4
1/2-1/2

[Event "Bundesliga 9697"]
[Site "Deutschland"]
[Date "1997.??.??"]
[Round "?.7"]
[White "Hedke, Fred"]
[Black "Kapischka, Jens"]
[Result "1/2-1/2"]
[WhiteElo "2355"]
[BlackElo "2315"]
[PlyCount "98"]
[EventDate "1996.10.??"]
[EventType "team"]
[EventRounds "15"]
[EventCountry "GER"]
[SourceTitle "Bundesliga 9697"]
[Source "DeepChess"]
[SourceDate "2005.01.01"]
[SourceVersion "1"]
[SourceVersionDate "2005.01.01"]
[SourceQuality "1"]
[WhiteTeam "SAbt SV Werder Bremen"]
[BlackTeam "USC Magdeburg"]
[WhiteTeamCountry "GER"]
[BlackTeamCountry "GER"]

1. e4 c5 2. d4 cxd4 3. c3 Nf6 4. e5 Nd5 5. Nf3 Nc6 6. Bc4 Nb6 7. Bb3 d6 8. exd6
e6 9. cxd4 Qxd6 10. Nc3 Be7 11. O-O O-O 12. a3 a6 13. Be3 Nd5 14. Bc2 Rd8 15.
Ne4 Qc7 16. Qd3 f5 17. Nc3 Bf6 18. Nxd5 exd5 19. Bg5 Bxg5 20. Nxg5 Qf4 21. Nf3
Be6 22. Rfe1 Re8 23. g3 Qd6 24. Re2 Bf7 25. Rae1 Rxe2 26. Rxe2 g6 27. b4 Re8
28. Rxe8+ Bxe8 29. Qe3 Bf7 30. Bb3 Kg7 31. Ne5 Bg8 32. Kg2 Na7 33. h4 Nb5 34.
Ba4 Nc7 35. h5 Ne6 36. hxg6 hxg6 37. Be8 g5 38. Bd7 Kf6 39. Bxe6 Qxe6 40. Qc3
Qe7 41. Qc8 Be6 42. Qb8 Bf7 43. Qh8+ Ke6 44. Qh6+ Qf6 45. Qxf6+ Kxf6 46. Nd7+
Ke7 47. Nc5 b6 48. Na4 Be8 49. Nc3 Kd6 1/2-1/2

[Event "Bundesliga 9697"]
[Site "Deutschland"]
[Date "1997.??.??"]
[Round "?.8"]
[White "Darnstaedt, Frank"]
[Black "Meyer, Claus Dieter"]
[Result "1/2-1/2"]
[WhiteElo "2295"]
[BlackElo "2320"]
[PlyCount "32"]
[EventDate "1996.10.??"]
[EventType "team"]
[EventRounds "15"]
[EventCountry "GER"]
[SourceTitle "Bundesliga 9697"]
[Source "DeepChess"]
[SourceDate "2005.01.01"]
[SourceVersion "1"]
[SourceVersionDate "2005.01.01"]
[SourceQuality "1"]
[WhiteTeam "USC Magdeburg"]
[BlackTeam "SAbt SV Werder Bremen"]
[WhiteTeamCountry "GER"]
[BlackTeamCountry "GER"]

1. e4 c5 2. c3 d5 3. exd5 Qxd5 4. d4 Nf6 5. Nf3 Bg4 6. Be2 e6 7. h3 Bh5 8. O-O
Nc6 9. Be3 cxd4 10. Nxd4 Bxe2 11. Qxe2 Nxd4 12. Bxd4 Be7 13. Nd2 O-O 14. Nf3 b5
15. Ne5 a6 16. Rfd1 Qb7 1/2-1/2

[Event "Bundesliga 9697"]
[Site "Deutschland"]
[Date "1997.??.??"]
[Round "?.1"]
[White "Gyimesi, Zoltan"]
[Black "Dautov, Rustem"]
[Result "1/2-1/2"]
[WhiteElo "2500"]
[BlackElo "2590"]
[PlyCount "56"]
[EventDate "1996.10.??"]
[EventType "team"]
[EventRounds "15"]
[EventCountry "GER"]
[SourceTitle "Bundesliga 9697"]
[Source "DeepChess"]
[SourceDate "2005.01.01"]
[SourceVersion "1"]
[SourceVersionDate "2005.01.01"]
[SourceQuality "1"]
[WhiteTeam "SC Eppingen e.V."]
[BlackTeam "SC Anderssen St.Ingbert 1920 e.V."]
[WhiteTeamCountry "GER"]
[BlackTeamCountry "GER"]

1. d4 Nf6 2. c4 e6 3. Nf3 b6 4. g3 Ba6 5. b3 b5 6. cxb5 Bxb5 7. Nc3 Ba6 8. Bg2
d5 9. b4 c6 10. Rb1 Nbd7 11. O-O Bd6 12. Re1 O-O 13. Bf4 Bxf4 14. gxf4 Bc4 15.
a3 a5 16. e3 axb4 17. axb4 Qe7 18. b5 cxb5 19. Nxb5 Ne4 20. Nd2 Nxd2 21. Qxd2
Ra2 22. Qd1 Qh4 23. Qf3 Nf6 24. Qg3 Qxg3 25. hxg3 Bd3 26. Rb3 Rb8 27. Rxd3 Rxb5
28. Rdd1 g6 1/2-1/2

[Event "Bundesliga 9697"]
[Site "Deutschland"]
[Date "1997.??.??"]
[Round "?.2"]
[White "Martinovic, Slobodan"]
[Black "Arnold, Lothar"]
[Result "1/2-1/2"]
[WhiteElo "2495"]
[BlackElo "2375"]
[PlyCount "81"]
[EventDate "1996.10.??"]
[EventType "team"]
[EventRounds "15"]
[EventCountry "GER"]
[SourceTitle "Bundesliga 9697"]
[Source "DeepChess"]
[SourceDate "2005.01.01"]
[SourceVersion "1"]
[SourceVersionDate "2005.01.01"]
[SourceQuality "1"]
[WhiteTeam "SC Anderssen St.Ingbert 1920 e.V."]
[BlackTeam "SC Eppingen e.V."]
[WhiteTeamCountry "GER"]
[BlackTeamCountry "GER"]

1. e4 c5 2. Nf3 Nf6 3. e5 Nd5 4. d4 cxd4 5. Qxd4 e6 6. Bc4 Nc6 7. Qe4 d6 8.
exd6 Nf6 9. Qe2 Bxd6 10. O-O Qc7 11. Nc3 a6 12. Re1 b5 13. Nd5 Nxd5 14. Bxd5
O-O 15. Be4 h6 16. a4 Rb8 17. axb5 axb5 18. Bd2 Bb7 19. h3 Ne7 20. Ra7 Bc5 21.
Ba5 Qc8 22. Rxb7 Rxb7 23. Bxb7 Qxb7 24. Bc3 Nd5 25. Be5 Be7 26. c3 Bf6 27. Nd4
Bxe5 28. Qxe5 Rc8 29. Rd1 Qb8 30. Qe2 b4 31. cxb4 Nxb4 32. g3 Rd8 33. Nf3 Nd5
34. Ne5 Qb7 35. h4 Rb8 36. Rd2 Qb3 37. Qe4 Rc8 38. Kg2 Qb5 39. Nf3 Qb3 40. Ne5
Qb7 41. Qf3 1/2-1/2

[Event "Bundesliga 9697"]
[Site "Deutschland"]
[Date "1997.??.??"]
[Round "?.3"]
[White "Miltner, Arndt"]
[Black "Bauer, Christian"]
[Result "0-1"]
[WhiteElo "2375"]
[BlackElo "2505"]
[PlyCount "72"]
[EventDate "1996.10.??"]
[EventType "team"]
[EventRounds "15"]
[EventCountry "GER"]
[SourceTitle "Bundesliga 9697"]
[Source "DeepChess"]
[SourceDate "2005.01.01"]
[SourceVersion "1"]
[SourceVersionDate "2005.01.01"]
[SourceQuality "1"]
[WhiteTeam "SC Eppingen e.V."]
[BlackTeam "SC Anderssen St.Ingbert 1920 e.V."]
[WhiteTeamCountry "GER"]
[BlackTeamCountry "GER"]

1. d4 e6 2. Nf3 c5 3. c3 Nc6 4. e4 cxd4 5. cxd4 d5 6. e5 Nge7 7. Nc3 Nf5 8. a3
Bd7 9. Be3 f6 10. exf6 Qxf6 11. Bd3 Bd6 12. O-O O-O 13. g4 Nfxd4 14. Bxh7+ Kh8
15. Nxd4 Qe5 16. Re1 Qxh2+ 17. Kf1 Qh3+ 18. Ke2 Qxg4+ 19. Kd3 Kxh7 20. Qxg4
Ne5+ 21. Ke2 Nxg4 22. Ndb5 Be5 23. Bc5 Rfc8 24. Bd4 Bxd4 25. Nxd4 e5 26. Nf3 d4
27. Rh1+ Kg8 28. Ne4 Rc2+ 29. Nfd2 Bc6 30. Rh4 Bxe4 31. Rxg4 Bf5 32. Rg5 g6 33.
b4 e4 34. Kd1 e3 35. fxe3 dxe3 36. Nf1 e2+ 0-1

[Event "Bundesliga 9697"]
[Site "Deutschland"]
[Date "1997.??.??"]
[Round "?.4"]
[White "Ristic, Nenad"]
[Black "Mann, Christian"]
[Result "0-1"]
[WhiteElo "2475"]
[BlackElo "2440"]
[PlyCount "92"]
[EventDate "1996.10.??"]
[EventType "team"]
[EventRounds "15"]
[EventCountry "GER"]
[SourceTitle "Bundesliga 9697"]
[Source "DeepChess"]
[SourceDate "2005.01.01"]
[SourceVersion "1"]
[SourceVersionDate "2005.01.01"]
[SourceQuality "1"]
[WhiteTeam "SC Anderssen St.Ingbert 1920 e.V."]
[BlackTeam "SC Eppingen e.V."]
[WhiteTeamCountry "GER"]
[BlackTeamCountry "GER"]

1. d4 Nf6 2. Nf3 g6 3. c4 Bg7 4. Nc3 d5 5. cxd5 Nxd5 6. e4 Nxc3 7. bxc3 c5 8.
Rb1 O-O 9. Be2 Nc6 10. d5 Ne5 11. Nxe5 Bxe5 12. Qd2 Bg7 13. O-O e5 14. c4 Qd6
15. a4 b6 16. a5 f5 17. f3 Bd7 18. Bb2 fxe4 19. fxe4 Rxf1+ 20. Rxf1 bxa5 21.
Qxa5 Qb6 22. Qa1 Qb3 23. Bxe5 Qe3+ 24. Rf2 Rf8 25. Bf3 Rxf3 26. gxf3 Qg5+ 27.
Rg2 Qe3+ 28. Rf2 Qg5+ 29. Rg2 Bxe5 30. Rxg5 Bxa1 31. Kh1 a5 32. Rg1 Bc3 33. Rc1
Bb4 34. e5 Bf5 35. Rd1 Kf8 36. d6 Ke8 37. d7+ Bxd7 38. Rd6 Ba4 39. h4 Bc2 40.
h5 a4 41. h6 a3 42. Ra6 g5 43. Ra7 Bb1 44. Kg2 a2 45. Kg3 Bc3 46. Kg4 a1=Q 0-1

[Event "Bundesliga 9697"]
[Site "Deutschland"]
[Date "1997.??.??"]
[Round "?.5"]
[White "Donev, Ivo Hristov"]
[Black "Kachiani Gersinska, Ketino"]
[Result "0-1"]
[WhiteElo "2420"]
[BlackElo "2375"]
[PlyCount "75"]
[EventDate "1996.10.??"]
[EventType "team"]
[EventRounds "15"]
[EventCountry "GER"]
[SourceTitle "Bundesliga 9697"]
[Source "DeepChess"]
[SourceDate "2005.01.01"]
[SourceVersion "1"]
[SourceVersionDate "2005.01.01"]
[SourceQuality "1"]
[WhiteTeam "SC Eppingen e.V."]
[BlackTeam "SC Anderssen St.Ingbert 1920 e.V."]
[WhiteTeamCountry "GER"]
[BlackTeamCountry "GER"]

1. e4 e5 2. Nf3 Nc6 3. Bb5 a6 4. Bxc6 dxc6 5. Nc3 f6 6. d4 exd4 7. Nxd4 c5 8.
Nde2 Qxd1+ 9. Nxd1 Be6 10. Bf4 O-O-O 11. Ne3 Ne7 12. h4 Nc6 13. Rd1 Be7 14. f3
c4 15. c3 Bc5 16. Nc2 Rxd1+ 17. Kxd1 Ne5 18. Be3 Rd8+ 19. Kc1 Nd3+ 20. Kb1 Bd6
21. Rd1 Re8 22. Ne1 f5 23. Nxd3 cxd3 24. Nd4 fxe4 25. fxe4 Bg4 26. Rxd3 Rxe4
27. Bf2 Bf4 28. b4 b6 29. Bg3 c5 30. bxc5 bxc5 31. Bxf4 Rxf4 32. Nc2 Rf1+ 33.
Kb2 Rf2 34. c4 Bf5 35. Rc3 Rxg2 36. Kb3 Rxc2 37. Rxc2 Bxc2+ 38. Kxc2 0-1

[Event "Bundesliga 9697"]
[Site "Deutschland"]
[Date "1997.??.??"]
[Round "?.6"]
[White "Werner, Dimo"]
[Black "Bosbach, Gerhard"]
[Result "1-0"]
[WhiteElo "2385"]
[BlackElo "2265"]
[PlyCount "61"]
[EventDate "1996.10.??"]
[EventType "team"]
[EventRounds "15"]
[EventCountry "GER"]
[SourceTitle "Bundesliga 9697"]
[Source "DeepChess"]
[SourceDate "2005.01.01"]
[SourceVersion "1"]
[SourceVersionDate "2005.01.01"]
[SourceQuality "1"]
[WhiteTeam "SC Anderssen St.Ingbert 1920 e.V."]
[BlackTeam "SC Eppingen e.V."]
[WhiteTeamCountry "GER"]
[BlackTeamCountry "GER"]

1. Nf3 c5 2. g3 Nc6 3. Bg2 Nf6 4. O-O g6 5. c3 Bg7 6. d4 cxd4 7. cxd4 d5 8. Nc3
Ne4 9. e3 Nxc3 10. bxc3 O-O 11. Ba3 Rb8 12. Nd2 b5 13. Bc5 a5 14. Re1 Be6 15.
Rc1 Qd7 16. a4 Bf6 17. axb5 Rxb5 18. e4 Rb2 19. exd5 Bxd5 20. Ne4 Bg7 21. c4
Bxe4 22. Rxe4 Rc8 23. d5 Nb4 24. Rxe7 Qf5 25. Be3 Nc2 26. Ba7 Rxc4 27. d6 Bd4
28. d7 Qxf2+ 29. Kh1 Ne3 30. d8=Q+ Kg7 31. Bxd4+ 1-0

[Event "Bundesliga 9697"]
[Site "Deutschland"]
[Date "1997.??.??"]
[Round "?.7"]
[White "Dudek, Richard"]
[Black "Gross, Georg"]
[Result "1-0"]
[WhiteElo "2305"]
[BlackElo "2340"]
[PlyCount "39"]
[EventDate "1996.10.??"]
[EventType "team"]
[EventRounds "15"]
[EventCountry "GER"]
[SourceTitle "Bundesliga 9697"]
[Source "DeepChess"]
[SourceDate "2005.01.01"]
[SourceVersion "1"]
[SourceVersionDate "2005.01.01"]
[SourceQuality "1"]
[WhiteTeam "SC Eppingen e.V."]
[BlackTeam "SC Anderssen St.Ingbert 1920 e.V."]
[WhiteTeamCountry "GER"]
[BlackTeamCountry "GER"]

1. e4 Nc6 2. Nf3 f5 3. exf5 d5 4. Bb5 Bxf5 5. Ne5 a6 6. Bxc6+ bxc6 7. d4 e6 8.
Nxc6 Qh4 9. Nc3 Bd6 10. Be3 Nf6 11. Qd2 Ne4 12. Nxe4 Bxe4 13. O-O-O Bxg2 14.
Rhg1 Bf3 15. Rxg7 Bxd1 16. Qxd1 Rf8 17. Qg1 Rf7 18. Rg8+ Rf8 19. Qg7 Rc8 20.
Ne5 1-0

[Event "Bundesliga 9697"]
[Site "Deutschland"]
[Date "1997.??.??"]
[Round "?.2"]
[White "Jussupow, Artur"]
[Black "Bauer, Christian"]
[Result "1/2-1/2"]
[WhiteElo "2665"]
[BlackElo "2505"]
[PlyCount "50"]
[EventDate "1996.10.??"]
[EventType "team"]
[EventRounds "15"]
[EventCountry "GER"]
[SourceTitle "Bundesliga 9697"]
[Source "DeepChess"]
[SourceDate "2005.01.01"]
[SourceVersion "1"]
[SourceVersionDate "2005.01.01"]
[SourceQuality "1"]
[WhiteTeam "SG 1868 Aljech. Solingen"]
[BlackTeam "SC Anderssen St.Ingbert 1920 e.V."]
[WhiteTeamCountry "GER"]
[BlackTeamCountry "GER"]

1. d4 Nf6 2. c4 e6 3. Nc3 Bb4 4. e3 c5 5. Bd3 Nc6 6. a3 Bxc3+ 7. bxc3 O-O 8.
Ne2 d6 9. e4 e5 10. d5 Ne7 11. f3 Ne8 12. g4 Ng6 13. Ng3 Qh4 14. Be3 h5 15. Qd2
hxg4 16. O-O Qh3 17. fxg4 Nf6 18. Rxf6 gxf6 19. Rf1 Bxg4 20. Rxf6 Kg7 21. Bg5
Rad8 22. Bf1 Qh7 23. Be2 Qh3 24. Bf1 Qh7 25. Be2 Qh3 1/2-1/2